The cultural cold war = La guerra fría cultural /
Zapisane w:
| 1. autor: | |
|---|---|
| Format: | Nieznany |
| Język: | English |
| Wydane: |
New York :
Norton & Co,
2000.
|
| Hasła przedmiotowe: | |
| Etykiety: |
Dodaj etykietę
Nie ma etykietki, Dołącz pierwszą etykiete!
|
MARC
| LEADER | 000000000a22000000004500 | ||
|---|---|---|---|
| 001 | 013637 | ||
| 020 | |a 156584596X | ||
| 041 | 0 | |a eng | |
| 082 | 0 | 4 | |a 327.14 |b S257c |
| 100 | 1 | |a Saunders, Frances Stonor | |
| 245 | 1 | 4 | |a The cultural cold war = |b La guerra fría cultural / |c Frances Stonor Saunders. |
| 246 | 3 | 1 | |a La guerra fría cultural |
| 260 | 1 | |a New York : |b Norton & Co, |c 2000. | |
| 300 | |a 509 páginas : |b ilustraciones ; |c 24 cm. | ||
| 650 | 4 | |a ESTADOS UNIDOS | |
| 650 | 4 | |a POLITICAS CULTURALES | |
| 650 | 4 | |a ARTE | |
| 650 | 4 | |a ASPECTOS POLITICOS | |
| 650 | 4 | |a LIBERTAD ARTISTICA | |
| 650 | 4 | |a SIGLO 20 | |
| 500 | |a Colección George Yúdice | ||
| 999 | |c 19554 |d 19554 | ||
| 942 | |c BK |h 327.14 S257c |2 z | ||



